000 00365nam a2200157Ia 4500
005 20240807062420.0
008 240806s9999||||xx |||||||||||||| ||eng||
041 _aeng
082 _a891.43301
_bPUSA
100 _aPushp, Robin Shaw
245 0 _aAgnikund /
_cPushp, Robin Shaw
260 _bGyan Bharti, Delhi
300 _a124
650 _aHindi
942 _cBK
999 _c18276
_d18276